Sostenibilidad del sistema de salud : red de excelencia /
Wedi'i Gadw mewn:
| Awduron Eraill: | , , , , |
|---|---|
| Fformat: | eLyfr |
| Iaith: | Sbaeneg |
| Cyhoeddwyd: |
Madrid :
Diaz de Santos Ediciones,
2025.
|
| Pynciau: | |
| Mynediad Ar-lein: | https://elibro.unach.elogim.com/es/lc/unach/titulos/286724 |
| Tagiau: |
Ychwanegu Tag
Dim Tagiau, Byddwch y cyntaf i dagio'r cofnod hwn!
|
MARC
| LEADER | 00000nam a2200000 i 4500 | ||
|---|---|---|---|
| 001 | ELB286724 | ||
| 003 | FINmELB | ||
| 005 | 20250922104500.5 | ||
| 006 | m o d | | ||
| 007 | cr cnu|||||||| | ||
| 008 | 250825s2025 sp o 001 0 spa d | ||
| 020 | |a 9788490525487 |q (print) | ||
| 020 | |a 9788490525494 |q (e-book) | ||
| 035 | |a (OCoLC)1538594779 | ||
| 040 | |a FINmELB |b spa |e rda |c FINmELB | ||
| 050 | 4 | |a RA425 |b R696 2025 | |
| 080 | |a 614.44 | ||
| 082 | 0 | 4 | |a 614.44 |2 23 |
| 245 | 0 | 0 | |a Sostenibilidad del sistema de salud : |b red de excelencia / |c Javier Carnicero Giménez de Azcárate (coordinador), Joia Núñez (coordinadora editorial) ; Laia Aguilar Sugrañes, Alejandro Angulo Goyarzun, María Luisa Arcos Vieira, María Barbería Latasa, Pablo Camba Martínez, Javier Carnicero Giménez de Azcárate, Walter H. Curioso, Isabel De Val Pardo, Fernando Escolar Castellón, Nieves Fernández Letamendi, Jose Augusto García Navarro, Marcial García Rojo, Pilar León Sanz, Rafael López López, María del Mar Malón Musgo, José María Martínez García, Miguel A. Martínez-González, Pilar Mazón Ramos, Paula Daniela Otero, José Raúl Pérez Sanz, Esther Ruiz Altuzarra, Jorge Luis Severino Rearte, Francisco José Tarazona Santabalbina. |
| 264 | 1 | |a Madrid : |b Diaz de Santos Ediciones, |c 2025. | |
| 300 | |a 1 recurso en línea (XIX, 421 páginas) | ||
| 336 | |a texto |b txt |2 rdacontent/spa | ||
| 337 | |a computadora |b c |2 rdamedia/spa | ||
| 338 | |a recurso en línea |b cr |2 rdacarrier/spa | ||
| 500 | |a Incluye acrónimos. | ||
| 500 | |a Incluye índice de tablas y figuras. | ||
| 500 | |a Incluye índice. | ||
| 588 | |a Descripción basada en metadatos suministrados por el editor y otras fuentes. | ||
| 590 | |a Recurso electrónico. Santa Fe, Arg.: elibro, 2025. Disponible vía World Wide Web. El acceso puede estar limitado para las bibliotecas afiliadas a elibro. | ||
| 650 | 4 | |a Salud pública. | |
| 655 | 4 | |a Libros electrónicos. | |
| 700 | 1 | |a Carnicero Giménez de Azcárate, Javier, |e coordinador. | |
| 700 | 1 | |a Núñez, Joia, |e coordinadora. | |
| 700 | 1 | |a Aguilar Sugrañes, Laia, |e autora. | |
| 700 | 1 | |a Angulo Goyarzun, Alejandro, |e autor. | |
| 700 | 1 | |a Arcos Vieira, Maria Luisa, |e autora. | |
| 797 | 2 | |a elibro, Corp. | |
| 856 | 4 | 0 | |u https://elibro.unach.elogim.com/es/lc/unach/titulos/286724 |